| 000 | 00482nam a2200169 a 4500 | ||
|---|---|---|---|
| 005 | 20140412111240.0 | ||
| 008 | 001109s19uu xx 00 eng d | ||
| 020 | _a971-529-023-X | ||
| 050 |
_aFil E _bIl1 1999 |
||
| 100 | _aRivera, Augie Jr. | ||
| 245 |
_aSa Ilalim ng dagat / _cKuwento ni Augie Rivera, Jr. ; guhit ni Katti Sta. Ana. |
||
| 260 |
_aManila : _bUNICEF, _c1999. |
||
| 300 | _a[27] p. ; ill. | ||
| 650 | _aChildren stories | ||
| 650 | _aFolktales | ||
| 999 |
_c102667 _d102667 |
||